000 00541nam a22001457a 4500
020 _a0-590-44964-8
082 _a823
_bMAR/J
100 _aANN M MARTIN
245 _aTHE BABYSITTERS CLUB
_bJESSI'S GOLD MEDAL
260 _aUSA
_bSCHOLASTIC INC
_c1992
300 _a148
520 _aWATER BALLET IS A DIFFERENT STORY. JESSI AND HER PARTNER PRACTICE THEIR ROUTINES OVER AND OVER AGAIN. EVERYONE- ESPECIALLY THE BABY SITTERS IS EXPECTING THEM TO WIN THE GOLD. BUT JESSI'S NOT SO SURE..CAN SHE DO IT?
650 _aJESSI'S GOLD MEDAL
942 _cBK
999 _c483
_d483